000 00641nam a2200205Ia 4500
003 GCL
008 140319s9999 xx 000 0 ara d
040 _aGCL /
_cGCL
082 0 4 _a219.3
_bم د
100 1 _aمحمود الشرقاوى
245 1 0 _aالدين والدولة العصرية /
_cمحمود الشرقاوى
260 _a[S.N] :
_bالشعب
300 _a138 ص
490 _a
650 0 4 _aالاسلام
650 0 4 _aالاسلام والاصلاح الاجتماعى
650 0 4 _aالاسلام والاصلاح السياسى
650 0 4 _aالسلام والاصلاح الاجتماعى
942 _2ddc
_cBK
999 _c28383
_d28383